| 000 | 02896cam a22005774i 4500 | ||
|---|---|---|---|
| 003 | PE-LiUPU | ||
| 005 | 20250731173036.0 | ||
| 008 | 160629s2016 mau rb 001 0 eng | ||
| 020 |
_a1619708523 _q(alk. paper) |
||
| 020 |
_a9781619708525 _q(alk. paper) |
||
| 024 | 8 | _a40026593306 | |
| 035 | _a(Sirsi) i9781619708525 | ||
| 035 | _a(OCoLC)945948763 | ||
| 040 |
_aDLC _bspa _erda _cDLC _dBTCTA _dYDXCP _dBDX _dOCLCF _dYDX _dYUS _dDTM _dOCLCO _dOCLCQ _dPE-LiUPU |
||
| 049 | _aPRUA | ||
| 050 | 0 | 0 |
_aBS1235.53 _b.K62 2016 |
| 082 | 0 | 0 |
_a222.1107 _bK62 _223 |
| 100 | 1 |
_aKline, Meredith G., _eautor. |
|
| 245 | 1 | 0 |
_aGenesis : _ba new commentary / _cMeredith G. Kline. |
| 264 | 1 |
_aPeabody, Massachusetts : _bHendrickson Publishers Marketing, _c2016. |
|
| 300 |
_axx, 154 p©Łginas ; _c20 cent©Ưmetros |
||
| 336 |
_atext _2rdacontent |
||
| 337 |
_aunmediated _2rdamedia |
||
| 338 |
_avolume _2rdacarrie |
||
| 504 | _a©Ưndice: p©Łginas 143-154. | ||
| 505 | 0 | _aThe canonical function of Genesis -- The literary-thematic structure of Genesis -- Theological story in Genesis -- Authorship -- Prologue -- Covenant of creation (1:1-2:3) -- Division one -- City of man in the old world (2:4-4:26) -- Division two -- Community of faith in the old world (5:1-6:8) -- Division three -- Redemptive judgment and re-creation (6:9-9:29) -- Division four -- City of man in the new world (10:1-11:9) -- Division five -- Community of faith in the new world (11:10-26) -- Division six -- Covenant with Abraham (11:27-25:11) -- Division seven -- Dismissal from the covenant (ishmael) (25:12-18) -- Division eight -- Isaac, covenant patriarch (25:19-35:29) -- Division nine -- Dismissal from the covenant (esau) (36:1-37:1) -- Division ten -- Jacob, covenant patriarch (37:2-50:26) -- Index of biblical references. | |
| 526 | _aSEG42 | ||
| 526 | _aSEG41 | ||
| 526 | _aSEG40 | ||
| 526 | _aSEG39 | ||
| 526 | _aP94 | ||
| 526 | _aP87 | ||
| 526 | _aP86 | ||
| 526 | _aP85 | ||
| 526 | _aP77 | ||
| 526 | _aP76 | ||
| 526 | _aP35 | ||
| 630 | 0 | 0 |
_aBible. _pGenesis _vCommentaries. |
| 630 | 0 | 0 |
_aBiblia. _pG©♭nesis _vCommentaries. |
| 630 | 0 | 7 |
_aBible. _pGenesis. _2fast _0(OCoLC)fst01808046 |
| 630 | 0 | 7 |
_aBiblia. _pG©♭nesis. _2fast _0(OCoLC)fst01808046 |
| 655 | 7 |
_aComentarios. _2fast _0(OCoLC)fst01423723 |
|
| 655 | 7 |
_aCommentaries. _2fast _0(OCoLC)fst01423723 |
|
| 910 |
_adbm _bebj _cebj _d20171211 |
||
| 942 |
_2ddc _cBOOK |
||
| 949 |
_a222.1107 K62 _wDEWEY _c1 _i77530 _lCATALOGING _mBUL _p09.97 _r0 _sY _tBOOK _u2017-12-11 _xPOSGRADO _PP85 _0DONACION _o.STAFF. Coleccio¿¿n Teolog©Ưa. |
||
| 994 |
_aC0 _bPEPRU |
||
| 596 | _a1 | ||
| 999 |
_a222.1107 K62 _wDEWEY _c26089 _i77530 _d26089 _f2021-11-9 _g4 _lCCODEBUL1 _mBUL _p9.97 _q2 _r0 _sY _tBOOK _u2017-12-11 _xTEOLOGIA _PP85 _0COMPRA _o.STAFF. Coleccio¿¿n Teolog©Ưa. |
||
| 980 |
_81 _gALBERTO SANCHEZ Responsable de Automatización |
||